L'aluminium et les alliages légers

Đã lưu trong:
Sonraí Bibleagrafaíochta
Príomhúdar: Lanthony, Jacques
Formáid: Leabhar
Teanga:Undetermined
Foilsithe: Paris Presses Universitaires de France 1960
Ábhair:
Clibeanna: Cuir Clib Leis
Gan Chlibeanna, Bí ar an gcéad duine leis an taifead seo a chlibeáil!
Thư viện lưu trữ: Trung tâm Học liệu Trường Đại học Cần Thơ
LEADER 00506nam a2200181Ia 4500
001 CTU_85867
008 210402s9999 xx 000 0 und d
082 |a 338.4 
082 |b L296 
100 |a Lanthony, Jacques 
245 0 |a L'aluminium et les alliages légers 
245 0 |c Jacques Lanthony 
260 |a Paris 
260 |b Presses Universitaires de France 
260 |c 1960 
650 |a Aluminium industry and trade 
904 |i Năm 
980 |a Trung tâm Học liệu Trường Đại học Cần Thơ